000 00505nam a2200193 a 4500
001 1755142237681
003 YourLibrary
005 20250814110242.0
008 250814s2003##################000#0#eng##
020 _a9788131725092
082 0 4 _a005.14
_bBRO
100 1 _aBroekman,
_eauthor.
245 1 0 _aTesting Embedded Software :
260 _bPearson Education India,
_c2003.
300 _a372 pages
650 0 _aComputer software.
942 _cENGLISH
040 _aYourLibrary
_beng
_cYourLibrary
999 _c582023
_d582023